GST: (Record no. 171662)
[ view plain ]
| 000 -LEADER | |
|---|---|
| fixed length control field | 00647nam a2200193 4500 |
| 005 - DATE AND TIME OF LATEST TRANSACTION | |
| control field | 20200117115048.0 |
| 010 ## - LCCN (DPL NO) | |
| LC control number | ENG-127450 |
| 020 ## - INTERNATIONAL STANDARD BOOK NUMBER | |
| International Standard Book Number | 9789382730484 |
| Terms of availability | 1350.00 |
| 035 ## - SYSTEM CONTROL NUMBER | |
| System control number | EN-110982 |
| 037 ## - SOURCE OF ACQUISITION | |
| Source of stock number/acquisition | DBAD/PUB |
| 082 ## - DEWEY DECIMAL CLASSIFICATION NUMBER | |
| Classification number | 336.27140954 |
| 100 ## - MAIN ENTRY--PERSONAL NAME | |
| Personal name | Khandare,D.M |
| 245 ## - TITLE STATEMENT | |
| Title | GST: |
| Statement of responsibility, etc | by D.M.Khandare |
| Remainder of title | concept and Roadmap/ |
| 260 ## - PUBLICATION, DISTRIBUTION, ETC. (IMPRINT) | |
| Place of publication, distribution, etc | Kanpur |
| Name of publisher, distributor, etc | Garima Prakashan |
| Date of publication, distribution, etc | 2018 |
| 270 ## - ADDRESS | |
| Address | 1st floor,.Mayur Park,Basant Vihar Naubasta, Kanpur-21 |
| City | Kanpur |
| Postal code | 208021 |
| Electronic mail address | garima.prakashan@gmail.com |
| 300 ## - PHYSICAL DESCRIPTION | |
| Extent | Viiii;328p. |
| Dimensions | 22cm(hb) |
| 500 ## - GENERAL NOTE | |
| General note | includes bibliographical references and index |
| 942 ## - ADDED ENTRY ELEMENTS (KOHA) | |
| Source of classification or shelving scheme | Dewey Decimal Classification |
| Item type | English Books |
| Classification part | 336.27140954 |
| Call number suffix | KHA |
| Withdrawn status | Lost status | Not for loan | Collection code | Home library | Current library | Date acquired | Source of acquisition | Cost, normal purchase price | Full call number | Barcode | Copy number | Cost, replacement price | Koha item type |
|---|---|---|---|---|---|---|---|---|---|---|---|---|---|
| Non-fiction | Shahdara Branch | Shahdara Branch | 17/01/2020 | DBAD/PUB | 1350.00 | 336.27140954 KHA | EN-110982 | 1 | 1350.00 | English Books |
